000
00201 a2200097 4500
001
12173
100
_a
Prem Chand
245
_a
Shtranj Kay Khilari
260
_a
_b
Sang-e-Meel
_c
090
_c
9381
_d
9381
942
_a
NUST-CAE
_c
M
_c
36246
999
_c
247246
_d
247246